| 000 | 00654nam a2200193 i 4500 | ||
|---|---|---|---|
| 001 | 182468 | ||
| 003 | ES-MaACL | ||
| 005 | 20230906221622.0 | ||
| 008 | 130816s1995 sp |||| | spa d | ||
| 080 | _a821.134.2-14"19" | ||
| 100 | 1 |
_aGonzález Cuevas, José. _9153276 |
|
| 245 | 1 | 3 |
_aEl niño que mira al mar / _cJosé González Cuevas. |
| 260 |
_a[Madrid] : _bAsociación Cultural Literaria y Artística Encuentro de Aromas, _c1995. |
||
| 300 |
_a92 p. ; _c20 cm. |
||
| 490 | 1 |
_aEl buho de Minerva ; _v4 |
|
| 830 | 0 |
_aEl buho de Minerva ; _v4 _9191429 |
|
| 852 |
_aES-MaACL _j2326-F-4 _z.- Dedicatoria manuscrita del autor |
||
| 999 |
_c182468 _d182468 |
||